LDR 01040naa#a2200205#i#450# 001 EN\\bibl\125583 005 20260630070400.2 011 ## _a2075-1338 100 ## _a20260610b2026####ek#y0engy0150####ca 101 0# _aRUS 102 ## _aRU 200 1# _aCalculation and Application of the «Spectrum-Dose» Operator for a Scintillation Detection Unit Based on a Large-Volume Plastic Detector Used in Portal Radiation Installations _eJournal article 210 1# _aMoscow _cScientific-Production Enterprise “Dosa” _d2026 215 ## _a9 с. 608 ## _aJournal article _2local 675 ## _aОбщие основы, теория измерений и конструкции измерительных приборов. Методы измерения. 539.1.08 _aОбщие основы и теория измерений и конструкции измерительных приборов. Методы измерений. 539.16.08 _zRUS 700 #1 _aZagorodnyuk _gA. A 700 #1 _aBystrov _gE. V. 700 #1 _aBystrov _gE. V. 856 4# _adoza.editorum.ru _u